Новый классный самоучитель английского. Для начинающих - и начинавших

Podrobná bibliografie
Hlavní autor: Драгункин А. Н. Александр Николаевич
Jazyk:ruština
angličtina
Vydáno: СПб., Умная планета, 2009
Vydání:изд., испр. и доп.
Témata:
Médium: Kniha
KOHA link:https://koha.lib.tpu.ru/cgi-bin/koha/opac-detail.pl?biblionumber=160168

MARC

LEADER 00000nam0a2200000 4500
001 160168
005 20231101222152.0
010 |a 9785793106344 
035 |a (RuTPU)RU\TPU\book\173699 
090 |a 160168 
100 |a 20090519d2009 m y0rusy50 ca 
101 0 |a rus  |a eng 
102 |a RU 
105 |a y j 000zy 
200 1 |a Новый классный самоучитель английского. Для начинающих - и начинавших  |f А. Н. Драгункин 
205 |a изд., испр. и доп. 
210 |a СПб.  |c Умная планета  |c Андра  |d 2009 
215 |a 496 с. 
606 1 |a Английский язык  |x Учебные руководства и пособия  |x Самоучители  |2 stltpush  |3 (RuTPU)RU\TPU\subj\29081  |9 52492 
610 1 |a алфавит 
610 1 |a произношение 
610 1 |a транскрипция 
610 1 |a грамматика 
610 1 |a лексика 
686 |a Ш143.21-922  |v LBC/SL-A  |2 rubbk 
700 1 |a Драгункин  |b А. Н.  |g Александр Николаевич 
801 1 |a RU  |b 63413507  |c 20090519  |g PSBO 
801 2 |a RU  |b 63413507  |c 20170113  |g RCR 
942 |c BK 
959 |a 58/20090508  |d 1  |e 188,00  |f ЧЗИЛ:1